[Event "Moscow Winter on Kolomenskoe"]
[Site "Moscow"]
[Date "2007.02.19"]
[Round "12"]
[White "Druzhinsky, Alexey"]
[Black "Movsesian, Artur"]
[Result "1/2-1/2"]
[WhiteElo "2022"]
[BlackElo "2048"]
[PlyCount "30"]
[EventDate "2007.02.08"]
[EventType "tourn"]
[EventRounds "13"]
[EventCountry "RUS"]
[SourceTitle "EXT 2019"]
[Source "ChessBase"]
[SourceDate "2018.10.10"]
[SourceVersion "1"]
[SourceVersionDate "2018.10.10"]
[SourceQuality "1"]

1. d4 Nf6 2. c4 g6 3. Nc3 d5 4. Nf3 Bg7 5. Bg5 Ne4 6. cxd5 Nxg5 7. Nxg5 c6 8. e3 cxd5 9. f4 0-0 10. Bd3 Nc6 11. Nf3 Bg4 12. h3 Bxf3 13. Qxf3 e6 14. 0-0 Qb6 15. Qe2 Na5 1/2-1/2

[Event "Loire-ch op 0506"]
[Site "Loire"]
[Date "2005.11.27"]
[Round "2"]
[White "Desassis, Maxence"]
[Black "Movsesian, Artur"]
[Result "1-0"]
[WhiteElo "1590"]
[BlackElo "1399"]
[PlyCount "91"]
[EventDate "2005.11.27"]
[EventType "swiss"]
[EventRounds "6"]
[EventCountry "FRA"]
[SourceTitle "EXT 2008"]
[Source "ChessBase"]
[SourceDate "2007.11.25"]
[SourceVersion "1"]
[SourceVersionDate "2007.11.25"]
[SourceQuality "1"]

1. d4 d5 2. Nf3 h6 3. e3 Bg4 4. Nbd2 e6 5. Bd3 Nf6 6. 0-0 c5 7. b3 a6 8. Bb2 Be7 9. Re1 Nc6 10. a3 0-0 11. c4 b6 12. Qc2 Bd6 13. Ne5 Ne7 14. Qc3 Bxe5 15. dxe5 Nh5 16. f3 Bf5 17. Bxf5 Nxf5 18. g4 d4 19. exd4 cxd4 20. Qd3 Nf4 21. Qe4 Qg5 22. Nf1 d3 23. Bc1 Nh3+ 24. Kg2 Qh4 25. gxf5 Qxe4 26. fxe4 Ng5 27. Bxg5 hxg5 28. Rad1 Rad8 29. Re3 d2 30. Rxd2 Rxd2+ 31. Nxd2 Rd8 32. Nf3 g4 33. Ng5 exf5 34. exf5 Rd2+ 35. Kg3 f6 36. e6 Kf8 37. e7+ Ke8 38. Nf7 Rd7 39. Nh8 Rxe7 40. Rxe7+ Kxe7 41. Kxg4 Kd6 42. Kf4 Kc5 43. Ke3 Kd6 44. Kd4 Ke7 45. Ng6+ Kf7 46. Kd5 1-0